Sänger zu Songs #1 - Statistiken

Allgemein
  • Dieses Quiz wurde 720 mal gespielt
  • Das Durchschnittsergebnis liegt bei 4 aus 15
Antwortstatistiken
Song Sänger % Korrekt
194 Länder Mark Forster
89%
Wake me up Avicii
59%
Dance Monkey Tones and I
58%
Pompeii Bastille
47%
Auf anderen Wegen Andreas Bourani
38%
Tu m'appelles Adel Tawil
22%
Scars to your beautiful Alessia Cara
19%
Go West Pet Shop Boys
17%
Zu Spät Die Ärzte
16%
Power over me Dermot Kennedy
11%
Unter den Wolken Die Toten Hosen
10%
Auf das, was da noch kommt Lotte Max Giesinger
5%
Leichtsinn Tim Bendzko
4%
All the time Zara Larsson
3%
Up Olly Murs Demi Lovato
2%
Keine übereinstimmenden Quizze gefunden
Verteilung der Resultate
Anzahl Personen mit jedem Resultat
Perzentil nach korrekt beantworteten Fragen
Ihre Resultats-Entwicklung
Sie haben dieses Quiz noch nicht gespielt